[Event "Challenge"]
[Site "http://www.queenalice.com/game.php?id=1151638"]
[Date "2013.2.13"]
[Round "-"]
[White "nbauer"]
[Black "Burianski"]
[Result "1/2-1/2"]
[WhiteElo "1100"]
[BlackElo "1574"]

1. e4 e5 2. Nf3 Nc6 3. Bb5 a6 4. Bxc6 dxc6 5. c4 Bc5 6. Nxe5 Qf6 7. f4 Qxf4 8.
Nf3 Qxe4+ 9. Kf1 Qd3+ 10. Ke1 Bg4 11. Nc3 Nf6 12. Qe2+ Qxe2+ 13. Kxe2 O-O 14. h3
Rfe8+ 15. Kf1 Bf5 16. d4 Bd3+ 17. Kf2 Bb4 18. Ne5 Ne4+ 19. Nxe4 Bxe4 20. a3 Bf8
21. Re1 Bc2 22. Re3 c5 23. Re2 cxd4 24. Bf4 d3 25. Rc1 dxe2 26. Rxc2 Bd6 27.
Rxe2 f6 28. Nd3 Rxe2+ 29. Kxe2 g5 30. Bd2 Re8+ 31. Kd1 h5 32. g4 hxg4 33. hxg4
b5 34. cxb5 axb5 35. Bc3 Re3 36. Nf2 Rf3 37. Ne4 f5 38. Nxg5 Rf4 39. Nh3 Rxg4
40. Ba5 Rh4 41. Ng5 Rh1+ 42. Kc2 Rh2+ 43. Kb3 Be5 44. Kb4 Rxb2+ 45. Kc5 Bd6+ 46.
Kd4 b4 47. axb4 Rd2+ 48. Kc4 f4 49. b5 Ra2 50. Bc3 Rc2 51. Ne4 Be5 52. Kd3 Rxc3+
53. Nxc3 Bxc3 54. Kxc3 f3 55. Kd2 f2 56. Ke2 Kf7 57. Kxf2 Ke6 58. Ke3 Kd5 59.
Kd3 Kc5 60. b6 cxb6 61. Ke3 b5 62. Kd2 Kc4 63. Kc2 b4 64. Kb2 b3 65. Kb1 Kc3 66.
Kc1 b2+ 67. Kb1 Kb3 1/2-1/2

[Event "Challenge"]
[Site "http://www.queenalice.com/game.php?id=1151651"]
[Date "2013.2.13"]
[Round "-"]
[White "Burianski"]
[Black "tabierosd"]
[Result "0-1"]
[WhiteElo "1574"]
[BlackElo "1764"]

1. e4 d5 2. d3 e5 3. Nf3 Bg4 4. Be2 Bc5 5. Be3 Bxf3 6. Bxf3 Bxe3 7. fxe3 d4 8.
Qd2 Nc6 9. exd4 Qxd4 10. c3 Qb6 11. b4 f6 12. Na3 O-O-O 13. Bg4+ Kb8 14. Qf2 Nd4
15. cxd4 Qxb4+ 16. Qd2 Qxa3 17. Be2 Rxd4 18. Qc2 Ne7 19. O-O b6 20. Rfc1 c5 21.
Rab1 c4 22. dxc4 Qe3+ 23. Kf1 Rd2 24. Qc3 Qxe2+ 0-1

[Event "=D"]
[Site "http://www.queenalice.com/game.php?id=1151815"]
[Date "2013.2.14"]
[Round "-"]
[White "lala"]
[Black "Burianski"]
[Result "1/2-1/2"]
[WhiteElo "1430"]
[BlackElo "1577"]

1. d4 d5 2. e3 Nc6 3. g3 e5 4. c3 Bf5 5. Nd2 exd4 6. cxd4 Nf6 7. Ne2 Bb4 8. Bg2
Qe7 9. O-O O-O-O 10. Nb3 Be4 11. a3 Bxg2 12. Kxg2 Bd6 13. Nd2 Ng4 14. Nc3 Qe6
15. b4 g5 16. b5 Na5 17. Qf3 c6 18. a4 Bb4 19. Bb2 Nc4 20. Nxc4 dxc4 21. Ne4 Rd5
22. Rac1 Qf5 23. Rxc4 Qxf3+ 24. Kxf3 Nxh2+ 25. Kg2 Nxf1 26. Kxf1 Be7 27. bxc6
bxc6 28. Rxc6+ Kb7 29. Rc4 Rc8 30. Rc3 Rxc3 31. Nxc3 Rf5 32. g4 Rf6 33. d5 Bb4
34. Nb5 Ra6 35. d6 Rxa4 36. d7 Be7 37. Be5 Rb4 38. Nd6+ Kc6 39. Nc8 Kxd7 40.
Nxa7 Rxg4 41. Nb5 h5 42. Nd4 f6 43. Bh2 Bc5 44. Nf5 Kc6 45. f3 Rc4 46. e4 Rc1+
47. Kg2 g4 48. f4 Rc2+ 49. Kg3 Bf2+ 50. Kg2 Be1+ 51. Kh1 Kc5 52. Ne3 Re2 53. Bg1
Bg3 54. Nd5+ Kc4 55. Nxf6 Bxf4 56. Nxh5 Rxe4 57. Kg2 Re2+ 58. Bf2 Re4 59. Nf6
Re2 60. Nxg4 Re8 61. Kf3 Rf8 62. Ke4 Bd6 63. Ne3+ Kc5 64. Nf5+ Kc6 65. Bd4 Re8+
66. Kd3 Be5 67. Be3 Kd5 68. Bg5 Rc8 69. Bd2 Rf8 70. Ne7+ Kc5 71. Be3+ Kb5 72.
Ng6 Rd8+ 73. Ke4 Bc3 74. Kf3 Rd3 75. Nf4 Rd7 1/2-1/2

[Event "=D"]
[Site "http://www.queenalice.com/game.php?id=1151816"]
[Date "2013.2.14"]
[Round "-"]
[White "Burianski"]
[Black "lala"]
[Result "1-0"]
[WhiteElo "1557"]
[BlackElo "1583"]

1. d4 d5 2. Nc3 e6 3. e4 c6 4. Bf4 Nd7 5. Nf3 Ne7 6. Bd3 g6 7. Qe2 Bg7 8. O-O
O-O 9. Ng5 Bxd4 10. Qf3 Qb6 11. Na4 Qa5 12. Qh3 Rd8 13. Qxh7+ Kf8 14. Qxf7# 1-0

[Event "Challenge"]
[Site "http://www.queenalice.com/game.php?id=1152360"]
[Date "2013.2.16"]
[Round "-"]
[White "nbauer"]
[Black "Burianski"]
[Result "0-1"]
[WhiteElo "1178"]
[BlackElo "1574"]

1. e4 e5 2. Nf3 Nc6 3. c4 Nf6 4. Nc3 Nd4 5. Nxe5 Qe7 6. f4 d6 7. Nf3 Nxe4 8. Nd5
Nxf3+ 9. gxf3 Nc3+ 10. Be2 Nxd5 11. cxd5 Qh4+ 12. Kf1 Bh3+ 13. Kg1 c6 14. d4 Be7
15. Bf1 O-O 16. Bd2 Bxf1 17. Kxf1 Qh3+ 18. Ke2 Bf6 19. Rg1 Bxd4 20. Rg3 Qxh2+
21. Kd3 Qxg3 22. Kxd4 c5+ 23. Kc4 a6 24. Qa4 b5+ 25. Kb3 Qxf3+ 26. Kc2 bxa4 27.
b3 Rab8 0-1

[Event "Challenge"]
[Site "http://www.queenalice.com/game.php?id=1153124"]
[Date "2013.2.18"]
[Round "-"]
[White "Burianski"]
[Black "nbauer"]
[Result "1-0"]
[WhiteElo "1576"]
[BlackElo "1178"]

1. e4 e5 2. Nf3 Nf6 3. d4 Nxe4 4. Nxe5 Nc6 5. Be3 h5 6. Qf3 Nxe5 7. Qxe4 Qe7 8.
dxe5 g6 9. Nc3 h4 10. Nd5 Qe6 11. Nxc7+ Kd8 12. Nxe6+ dxe6 13. g3 Bh6 14. Bxh6
f5 15. Qxh4+ Kc7 16. Qg5 Rd8 17. Qe7+ Rd7 18. Qc5+ Kd8 19. Bb5 Rc7 20. Qd4+ Bd7
21. Bxd7 Rxd7 22. Bg5+ Ke8 23. Qa4 b5 24. Qxb5 Rd8 25. Bxd8 Kxd8 26. Qb8+ Ke7
27. Rd1 Rxd1+ 28. Kxd1 g5 29. Qxa7+ Kf8 30. h4 1-0

[Event "Challenge"]
[Site "http://www.queenalice.com/game.php?id=1153464"]
[Date "2013.2.19"]
[Round "-"]
[White "nbauer"]
[Black "Burianski"]
[Result "0-1"]
[WhiteElo "1093"]
[BlackElo "1578"]

1. e4 e5 2. Nf3 Nf6 3. d3 d5 4. Nc3 Nc6 5. g4 Nxg4 6. Rg1 dxe4 7. Bg5 f6 8. Bh4
Nd4 9. Rg3 exf3 10. Rxg4 Bxg4 11. b4 Bxb4 12. Qd2 Qd6 13. Kd1 Qc6 14. Bxf6 Bxc3
15. Qg5 Qxf6 16. Qxg4 Bxa1 17. Bg2 O-O 18. Kd2 Qf4+ 19. Qxf4 Rxf4 20. c3 Bxc3+
21. Kxc3 Ne2+ 22. Kd2 Rd8 23. Bh3 Rfd4 24. Bg2 Rxd3+ 25. Kc2 Rd2+ 0-1

[Event "Challenge"]
[Site "http://www.queenalice.com/game.php?id=1153465"]
[Date "2013.2.19"]
[Round "-"]
[White "Burianski"]
[Black "tabierosd"]
[Result "0-1"]
[WhiteElo "1577"]
[BlackElo "1757"]

1. e4 d5 2. exd5 Qxd5 3. Nc3 Qd6 4. d4 c6 5. Nf3 Bf5 6. Bd3 Bxd3 7. Qxd3 Nf6 8.
Ne5 Nbd7 9. Qc4 Nxe5 10. dxe5 Qxe5+ 11. Be3 e6 12. O-O-O Bd6 13. Bd4 Qf4+ 14.
Rd2 Ne4 15. Nxe4 Qxe4 16. f3 Qf4 17. Qd3 Rd8 18. Bxg7 Be7 19. Bxh8 Rxd3 20. cxd3
Bg5 21. Bc3 Qa4 22. a3 Bxd2+ 23. Kxd2 e5 24. Bxe5 Qa5+ 25. Kd1 Qa4+ 26. Kc1 f6
27. Bd6 Qd4 28. Re1+ Kf7 29. Re7+ Kg6 30. Bb4 Qb6 31. g4 Qg1+ 32. Kc2 Qxh2+ 33.
Kc3 Qf4 34. Rxb7 Qc1+ 35. Kb3 c5 36. Bc3 Qe3 37. Rxa7 c4+ 38. dxc4 Qxa7 39. f4
Qb8+ 40. Kc2 Qxf4 41. b3 f5 42. gxf5+ Qxf5+ 43. Kd2 h5 44. b4 h4 45. Bd4 h3 46.
Bg1 Qg5+ 47. Kd3 Qxg1 48. c5 h2 49. c6 h1=Q 50. c7 Qd5+ 51. Kc3 Qc1# 0-1

[Event "Def of Insanity..."]
[Site "http://www.queenalice.com/game.php?id=1154325"]
[Date "2013.2.22"]
[Round "-"]
[White "Burianski"]
[Black "nbauer"]
[Result "1-0"]
[WhiteElo "1580"]
[BlackElo "1083"]

1. e4 e5 2. Nf3 Nf6 3. Nc3 Nc6 4. d4 Qe7 5. Be3 b6 6. Nd5 Nxd5 7. exd5 Nxd4 8.
Nxd4 exd4 9. Qxd4 Qe6 10. dxe6 fxe6 11. Bb5 a5 12. Rd1 Bb4+ 13. c3 Bc5 14. Qxg7
c6 15. Qxh8+ Ke7 16. Qxh7+ Kd8 17. Bxc6 b5 18. Rxd7+ Bxd7 19. Qxd7# 1-0

[Event "Desperation Continues "]
[Site "http://www.queenalice.com/game.php?id=1161637"]
[Date "2013.3.16"]
[Round "-"]
[White "Burianski"]
[Black "nbauer"]
[Result "1-0"]
[WhiteElo "1584"]
[BlackElo "1100"]

1. e4 e5 2. d4 f6 3. Nf3 Nc6 4. Be3 b5 5. Bxb5 a6 6. Bxc6 dxc6 7. Qe2 Rb8 8.
dxe5 fxe5 9. Nxe5 Rb5 10. Bf4 Nh6 11. Nxc6 Bg4 12. Nxd8 Bxe2 13. Kxe2 Kxd8 14.
Rd1+ Kc8 15. Nc3 Bc5 16. Nxb5 axb5 17. Rd5 Bb6 18. Rxb5 Rf8 19. g3 Ng4 20. h3
Nxf2 21. Be3 Nxh3 22. Bxb6 cxb6 23. Rf1 Re8 24. e5 h5 25. Rh1 Ng5 26. Rxh5 Ne4
27. Rh7 Nxg3+ 28. Kf3 Nf1 29. Rxg7 Rf8+ 30. Ke4 Nd2+ 31. Kd3 Rd8+ 32. Kc3 Nb1+
33. Kb3 Rd7 34. Rxd7 Kxd7 35. Rxb6 Nd2+ 36. Kc3 Nf3 37. e6+ 1-0

[Event "OS INCLIVEIS"]
[Site "http://www.queenalice.com/game.php?id=1162390"]
[Date "2013.3.18"]
[Round "-"]
[White "adelio"]
[Black "Burianski"]
[Result "1-0"]
[WhiteElo "1770"]
[BlackElo "1586"]

1. d4 d5 2. e4 e5 3. a3 dxe4 4. Be3 Be6 5. c4 c5 6. d5 Bf5 7. g4 Be6 8. h4 Nf6
9. Be2 Qd7 10. f3 exf3 11. Nxf3 Bxg4 12. Nbd2 Bd6 13. Rc1 e4 14. Nh2 Bxe2 15.
Qxe2 Bg3+ 16. Bf2 Qh3 17. Nxe4 Bxf2+ 18. Nxf2+ Qe6 19. dxe6 Ke7 20. Rd1 Nc6 21.
O-O Nd4 22. Qe5 b6 23. Rfe1 Nc6 24. Qc7+ Ke8 25. Qxf7# 1-0

[Event "OS INCLIVEIS"]
[Site "http://www.queenalice.com/game.php?id=1198395"]
[Date "2013.7.9"]
[Round "-"]
[White "adelio"]
[Black "Burianski"]
[Result "1/2-1/2"]
[WhiteElo "1718"]
[BlackElo "1577"]

1. d4 d5 2. e4 dxe4 3. Nc3 Nf6 4. f3 exf3 5. Nxf3 Bg4 6. h3 Bxf3 7. Qxf3 c6 8.
Be3 Qd6 9. a3 Nbd7 10. g4 Nd5 11. Nxd5 cxd5 12. Bb5 e5 13. Bxd7+ Kxd7 14. Qxf7+
Qe7 15. Qxd5+ Ke8 16. O-O Rd8 17. Qb5+ Rd7 18. dxe5 a6 19. Qa4 Qxe5 20. Bf4 Qxb2
21. Rae1+ Be7 22. Bg5 Kd8 23. Bxe7+ Rxe7 24. Rd1+ Kc8 25. Qc4+ Rc7 26. Qe6+ Kb8
27. Qd6 Qxc2 28. Rf7 Qc5+ 29. Qxc5 Rxc5 30. Rdd7 Kc8 31. Rxb7 Rd8 32. Kg2 Rd3
33. Rb2 Rxa3 34. Rbf2 Rc7 35. Rxc7+ Kxc7 36. Rf7+ Kb6 37. Rxg7 Ra2+ 38. Kg3 a5
39. Rxh7 a4 40. g5 a3 41. Rh8 Rc2 42. Ra8 a2 43. Kg4 Kb7 44. Ra3 Rg2+ 45. Kh5
Kc7 46. g6 Kd7 47. Kh6 Ke7 48. g7 Kf7 1/2-1/2

[Event "OS INCLIVEIS"]
[Site "http://www.queenalice.com/game.php?id=1201563"]
[Date "2013.7.21"]
[Round "-"]
[White "Burianski"]
[Black "adelio"]
[Result "1-0"]
[WhiteElo "1607"]
[BlackElo "1755"]

1. d4 d5 2. Nc3 c5 3. e4 Nf6 4. Nf3 Bg4 5. Be2 Bxf3 6. Bxf3 dxe4 7. Nxe4 cxd4 8.
Nxf6+ exf6 9. Bxb7 Qe7+ 10. Qe2 Qxe2+ 11. Kxe2 Bc5 12. Bxa8 O-O 13. Bf4 Nd7 14.
Bc6 Nb6 15. c3 Rd8 16. cxd4 Rxd4 17. Be3 Rc4 18. Rac1 Bxe3 19. fxe3 Rh4 20. Rhd1
g6 21. h3 f5 22. Rd8+ Kg7 23. Bd5 Nxd5 24. Rxd5 h5 25. Rd4 Rxd4 26. exd4 f4 27.
Rc7 a5 28. d5 Kf6 29. d6 Ke6 30. Kf3 g5 31. g3 f5 32. Rc5 g4+ 33. hxg4 hxg4+ 34.
Kxf4 a4 35. Rxf5 Kxd6 36. Ra5 Kc6 37. Kxg4 Kb6 38. Rxa4 Kb5 39. Re4 Kc5 40. Kf5
Kd5 41. g4 Kc5 42. g5 Kd5 43. g6 Kc5 44. Ke5 Kc6 45. Rd4 Kc5 46. g7 Kb5 47. Kd5
Kb6 48. Rc4 Kb7 49. g8=Q Kb6 50. Qe6+ Ka5 51. b4+ Ka4 52. Qa6# 1-0

[Event "OS INCLIVEIS"]
[Site "http://www.queenalice.com/game.php?id=1202085"]
[Date "2013.7.23"]
[Round "-"]
[White "adelio"]
[Black "Burianski"]
[Result "0-1"]
[WhiteElo "1791"]
[BlackElo "1583"]

1. d4 d5 2. e4 e5 3. f4 dxe4 4. fxe5 Be6 5. h4 Nc6 6. c3 f6 7. Be2 fxe5 8. Bg5
Be7 9. Bg4 Bxg4 10. Qxg4 exd4 11. Qxe4 Nf6 12. Bxf6 gxf6 13. Nd2 Qd7 14. Rd1
O-O-O 15. Ngf3 dxc3 16. bxc3 f5 17. Qa4 a6 18. Nd4 Nxd4 19. Qxd4 Qe6+ 20. Kf2
Rxd4 21. cxd4 Qxa2 22. Rhe1 Bxh4+ 23. g3 Bg5 24. Re2 Qc2 25. Ke1 Rd8 26. Nf3
Qc3+ 27. Kf1 Qxf3+ 28. Rf2 Qxd1+ 29. Kg2 Qxd4 30. Kh3 Qxf2 31. g4 Rd3# 0-1